000 00196 a2200097 4500
001 5475
100 _aGrimsehl,E
245 _aTextbook of physics
260 _a
_bBlackie
_c
090 _c4491
_d4491
942 _aNUST-CAE
_cM
_c30813
999 _c240548
_d240548